Estrategias de mercadotecnia para el lanzamiento de una sucursal de Lugo Rent Car en la ciudad de Granada, Nicaragua
Se propone a la Gerencia de Lugo Rent a Car, estrategias de mercadotecnia para el lanzamiento de una sucursal departamental en la ciudad de Granada, donde se pretende atender un sector compuesto, por turistas, empresas y pobladores de clase media, donde ellos como empresa no tienen presencia.
| Main Authors: | , , |
|---|---|
| Other Authors: | |
| Format: | Tesis Section = Libro |
| Language: | Undetermined Spanish |
| Published: |
Managua
UNI
2005
|
| Subjects: |
| LEADER | 01330nam a2200277Ia 4500 | ||
|---|---|---|---|
| 008 | 240830s9999 xx 000 0 und d | ||
| 040 | |a BIBLIOTECA-RUPAP T.Mon 658.8 S243 | ||
| 041 | |a spa | ||
| 082 | |a T.Mon 658.8 S243 | ||
| 100 | 1 | |a Saravia Hurtado, Nahara Raquel | |
| 100 | 1 | |b Correa Palma, Junnieth, Auxiliadora | |
| 100 | 1 | |c Rizos Mendoza, Mayra Isabel | |
| 245 | 1 | 0 | |a Estrategias de mercadotecnia para el lanzamiento de una sucursal de Lugo Rent Car en la ciudad de Granada, Nicaragua |
| 260 | |a Managua |b UNI |c 2005 | ||
| 300 | |a 107 p. :il. | ||
| 500 | |a Contiene: anexos. | ||
| 502 | |a Tesis (Ingeniero de Sistemas)- UNI, 2005. | ||
| 520 | 3 | |a Se propone a la Gerencia de Lugo Rent a Car, estrategias de mercadotecnia para el lanzamiento de una sucursal departamental en la ciudad de Granada, donde se pretende atender un sector compuesto, por turistas, empresas y pobladores de clase media, donde ellos como empresa no tienen presencia. | |
| 650 | 7 | |a ADMINISTRACION DE LA DISTRIBUCION (MERCADEO) ESTRATEGIA-LUGO RENTA CAR GRANADA | |
| 650 | 7 | |b INVESTIGACION Y ANALISIS DE MERCADO | |
| 650 | 7 | |c ORGANIZACION Y DIRECCION - LUGO RENTACAR | |
| 650 | 7 | |d LAN ESTRATEGICO - MERCADEO - LUGO RENTACAR - GRANADA | |
| 700 | 1 | |a Tutor: |b Zúñiga Morales, Gonzalo de Jesús | |
| 942 | |c BK |2 ddc | ||
| 991 | |a TESIS | ||
| 999 | |c 18733 | ||